00425cam a2200121 a 4500020002800000020003500028082001400063100002000077245008800097260003100185300002100216504006600237 a0812235657 (alk. paper) a0812217438 (pbk. : alk. paper)00a915.404521 aAlter, Stephen.10aAmritsar to Lahore :bcross the border between India and Pakistan cStephen Alter. aIndiabPenguin Booksc2000 a240 p. :c17 cm. aIncludes bibliographical references (p. [203]-204) and index.